Participatory development in rural India (Record no. 388186)

000 -LEADER
fixed length control field 00603cam a22001817a 4500
008 - FIXED-LENGTH DATA ELEMENTS--GENERAL INFORMATION
fixed length control field 180718b1998 xxu||||| |||| 00| 0 eng d
020 ## - INTERNATIONAL STANDARD BOOK NUMBER
International Standard Book Number 8170272262
082 ## - DEWEY DECIMAL CLASSIFICATION NUMBER
Classification number B73x54 K955
100 ## - MAIN ENTRY--PERSONAL NAME
Personal name Kuhn, Berthold
245 ## - TITLE STATEMENT
Title Participatory development in rural India
Statement of responsibility, etc. by Berthold Kuhn
260 ## - PUBLICATION, DISTRIBUTION, ETC.
Place of publication, distribution, etc. New Delhi
Name of publisher, distributor, etc. Radiant
Date of publication, distribution, etc. 1998
300 ## - PHYSICAL DESCRIPTION
Extent 313p.
440 ## - SERIES STATEMENT/ADDED ENTRY--TITLE
Title Critical studies in international development
650 ## - SUBJECT ADDED ENTRY--TOPICAL TERM
Topical term or geographic name entry element Agricultural assistance --India.
650 ## - SUBJECT ADDED ENTRY--TOPICAL TERM
Topical term or geographic name entry element Rural development --Government policy --india
650 ## - SUBJECT ADDED ENTRY--TOPICAL TERM
Topical term or geographic name entry element Non-governmental organizations --India
650 ## - SUBJECT ADDED ENTRY--TOPICAL TERM
Topical term or geographic name entry element Rural development --India
Holdings
Withdrawn status Lost status Damaged status Not for loan Permanent Location Current Location Date acquired Full call number Barcode Date last seen Price effective from Koha item type
        Indian Institute of Public Administration Indian Institute of Public Administration 1998-12-04 B73x54 K955 73773 2018-07-21 2018-07-21 Book

Powered by Koha